Reptéri capriccio önkényes beköltözők, jogcím nélküli "lakásbérlők" /
Elmentve itt :
| Szerző: | |
|---|---|
| Dokumentumtípus: | Cikk |
| Megjelent: |
2000-11-18
|
| Sorozat: | Délmagyarország
90 No. 270 |
| Kulcsszavak: | Szeged, Lakáshelyzet lakásfoglalók Szeged |
| Online Access: | http://dmarchiv.bibl.u-szeged.hu/83690 |
| LEADER | 00534nab a2200157 i 4500 | ||
|---|---|---|---|
| 001 | delm83690 | ||
| 005 | 20191025120229.0 | ||
| 008 | 191025s2000 hu o 0|| hun d | ||
| 040 | |a SZTE Délmagyarország Archívum |b hun | ||
| 041 | |a hun | ||
| 100 | 1 | |a Nyilas Péter | |
| 245 | 1 | 0 | |a Reptéri capriccio |h [elektronikus dokumentum] : |b önkényes beköltözők, jogcím nélküli "lakásbérlők" / |c Nyilas Péter |
| 260 | |c 2000-11-18 | ||
| 300 | |a 1, 5 | ||
| 490 | 0 | |a Délmagyarország |v 90 No. 270 | |
| 695 | |a Szeged, Lakáshelyzet lakásfoglalók Szeged | ||